|
|
|
|
| LEADER |
00000nla2a2200000 4500 |
| 001 |
230395 |
| 005 |
20240125121055.0 |
| 035 |
|
|
|a (RuTPU)RU\TPU\book\251206
|
| 035 |
|
|
|a RU\TPU\book\251198
|
| 090 |
|
|
|a 230395
|
| 100 |
|
|
|a 20130121d2012 k y0rusy50 ca
|
| 101 |
0 |
|
|a rus
|
| 102 |
|
|
|a RU
|
| 105 |
|
|
|a y z 101zy
|
| 135 |
|
|
|a drnn ---uucaa
|
| 181 |
|
0 |
|a i
|
| 182 |
|
0 |
|a b
|
| 200 |
1 |
|
|a Расчет температурного режима жаротрубных котлов на основе численного моделирования
|f С. А. Хаустов, Р. Н. Фисенко, К. В. Буваков
|
| 203 |
|
|
|a Текст
|c электронный
|
| 215 |
|
|
|a 1 файл (216 Кб)
|
| 300 |
|
|
|a Заглавие с титульного листа
|
| 337 |
|
|
|a Adobe Reader
|
| 463 |
|
1 |
|0 (RuTPU)RU\TPU\book\250360
|t Химическая физика и актуальные проблемы энергетики
|o сборник тезисов и докладов Всероссийской молодежной конференции, г. Томск, 4 - 6 сентября 2012 г.
|f Национальный исследовательский Томский политехнический университет (ТПУ) ; под ред. Г. В. Кузнецова ; Е. Е. Бульбы ; В. И. Максимова ; А. В. Захаревича ; Т. А. Нагорновой
|v [С. 281-282]
|d 2012
|
| 610 |
1 |
|
|a труды учёных ТПУ
|
| 610 |
1 |
|
|a электронный ресурс
|
| 610 |
1 |
|
|a расчет
|
| 610 |
1 |
|
|a температурный режим
|
| 610 |
1 |
|
|a жаротрубные котлы
|
| 610 |
1 |
|
|a численное моделирование
|
| 700 |
|
1 |
|a Хаустов
|b С. А.
|c специалист в области энергетики
|c ассистент кафедры Томского политехнического университета, инженер
|f 1988-
|g Сергей Александрович
|3 (RuTPU)RU\TPU\pers\30844
|
| 701 |
|
1 |
|a Фисенко
|b Р. Н.
|c специалист в области парогенераторостроения и парогенераторных установок
|c инженер Томского политехнического университета
|f 1976-
|g Роман Николаевич
|3 (RuTPU)RU\TPU\pers\28620
|
| 701 |
|
1 |
|a Буваков
|b К. В.
|c специалист в области теплотехники
|c доцент Томского политехнического университета, кандидат технических наук
|f 1977-
|g Константин Владимирович
|3 (RuTPU)RU\TPU\pers\26023
|9 11870
|
| 801 |
|
1 |
|a RU
|b 63413507
|c 20130116
|
| 801 |
|
2 |
|a RU
|b 63413507
|c 20151204
|g RCR
|
| 856 |
4 |
|
|u http://www.lib.tpu.ru/fulltext/c/2012/C03/113.pdf
|
| 942 |
|
|
|c CF
|